000 00734nam a2200265 i 4500
001 C2-0215817
003 PPAK
005 20180728104414.0
008 990504s1997 my a|||| ||||| | may d
020 _a9838035432
040 _aPPAK
_beng
_cPPAK
_erda
082 0 4 _a899.233
_2 23
090 0 0 _a899.233
_bNUR
_dK
100 0 _aNurakhmar Mohd.,
_eauthor
245 1 0 _aPerpisahan tanpa rela
264 1 _aPetaling Jaya, Selangor :
_bSetiamas ,
_c1997
300 _a75 pages :
_billustrations ;
_c19 cm
336 _2rdacontent
_atext
337 _2rdamedia
_aunmediated
338 _2rdacarrier
_avolume
490 1 _aSiri novel mercu
650 1 0 _aChildren's stories, Malay
830 0 _aSiri novel mercu
942 _ddc
_cB
999 _c159528
_d159528